Loading...
| Literature - American | 0 | 8 | 0 | 1 | 80 | 100 | 123.13 | 0 | 0 | 0.00 | 0.00 |
| Literature - European | 0 | 8 | 0 | 0 | 80 | 80 | 100.88 | 0 | 3 | 0.00 | 0.00 |
| Literature - British | 0 | 5 | 1 | 0 | 45 | 11 | 104.40 | 1 | 2 | 0.00 | 0.00 |
| Literature - World | 0 | 5 | 1 | 1 | 45 | 99 | 119.00 | 0 | 0 | 0.00 | 0.00 |
| Mythology | 0 | 3 | 0 | 0 | 30 | 35 | 90.00 | 0 | 1 | 0.00 | 0.00 |
| History - Other | 0 | 2 | 0 | 2 | 20 | 101 | 115.50 | 0 | 0 | 0.00 | 0.00 |
| Philosophy | 0 | 2 | 0 | 2 | 20 | 111 | 119.00 | 0 | 0 | 0.00 | 0.00 |
| Religion | 0 | 1 | 0 | 0 | 10 | 136 | 136.00 | 0 | 0 | 0.00 | 0.00 |
| History - American | 0 | 1 | 0 | 1 | 10 | 123 | 123.00 | 0 | 0 | 0.00 | 0.00 |
| Fine Arts - Painting and Sculpture | 0 | 1 | 0 | 0 | 10 | 91 | 91.00 | 0 | 1 | 0.00 | 0.00 |